Normal view
MARC view
- Hetal Shah- 2k241061 & Dr. Priyanka Potdar – Guide
Entry Personal Name
001 - CONTROL NUMBER
- control field: 216486
003 - CONTROL NUMBER IDENTIFIER
- control field: OSt
005 - DATE AND TIME OF LATEST TRANSACTION
- control field: 20260123170817.0
008 - FIXED-LENGTH DATA ELEMENTS
- fixed length control field: 260123|| aca||aabn | a|a d
040 ## - CATALOGING SOURCE
- Original cataloging agency: OSt
- Transcribing agency: OSt
100 ## - HEADING--PERSONAL NAME
- Personal name: Hetal Shah- 2k241061 & Dr. Priyanka Potdar – Guide
670 ## - SOURCE DATA FOUND
- Source citation: Work cat.: (OSt)370149: Hetal Shah- 2k241061 & Dr. Priyanka Potdar – Guide, Exploring Modern Marketing: A Hands-on Experience with SEO, Design and AI Tools, 2025